[Event "Torino Province-ch"]
[Site "Torino"]
[Date "2015.03.05"]
[Round "6"]
[White "Liviabella, Lucio"]
[Black "Peruffo, Giovanni"]
[Result "0-1"]
[WhiteElo "1609"]
[BlackElo "1520"]
[PlyCount "56"]
[EventDate "2015.01.29"]
[EventType "swiss"]
[EventRounds "7"]
[EventCountry "ITA"]
[SourceTitle "EXT 2017"]
[Source "ChessBase"]
[SourceDate "2016.10.25"]
[SourceVersion "1"]
[SourceVersionDate "2016.10.25"]
[SourceQuality "1"]

1. e4 e5 2. Bc4 Nf6 3. Qe2 Bc5 4. Bxf7+ Kxf7 5. Qc4+ d5 6. Qxc5 Nxe4 7. Qe3 Re8 8. Nf3 Nc6 9. c3 Nf6 10. 0-0 e4 11. Nd4 Ne5 12. b3 Kg8 13. Ba3 b6 14. Ne2 Nfg4 15. Qg3 c5 16. h3 Nh6 17. Nf4 Nf5 18. Qh2 Nh4 19. Bb2 Nhf3+ 20. gxf3 Nxf3+ 21. Kh1 Nxh2 22. Kxh2 Qd6 23. Kh1 Qxf4 24. Na3 Bxh3 25. Rg1 Re6 26. Rg3 Rh6 27. Kg1 Rf8 28. Rxh3 Qxf2+ 0-1

[Event "Ivrea op 14th"]
[Site "Ivrea"]
[Date "2010.03.20"]
[Round "4"]
[White "Liviabella, Lucio"]
[Black "Bisi, Riccardo"]
[Result "1-0"]
[WhiteElo "1716"]
[BlackElo "1476"]
[PlyCount "77"]
[EventDate "2010.03.19"]
[EventType "swiss"]
[EventRounds "5"]
[EventCountry "ITA"]
[SourceTitle "EXT 2024"]
[Source "ChessBase"]
[SourceDate "2023.10.10"]
[SourceVersion "1"]
[SourceVersionDate "2023.10.10"]
[SourceQuality "1"]

1. e4 e5 2. Bc4 Bc5 3. Qe2 d6 4. Nc3 Nc6 5. h3 Nd4 6. Qd3 Qf6 7. Nf3 Ne7 8. Na4 Be6 9. Bxe6 fxe6 10. Nxc5 dxc5 11. Nxd4 exd4 12. Qb5+ c6 13. Qxc5 0-0 14. 0-0 b6 15. Qh5 c5 16. d3 h6 17. Bd2 Ng6 18. f4 Ne7 19. Rf3 Nc6 20. Rg3 Kh8 21. Rf1 Rf7 22. c3 Raf8 23. Rff3 Kh7 24. e5 Qf5 25. Rg5 g6 26. Qh4 Qxg5 27. fxg5 h5 28. Qe4 Rxf3 29. gxf3 Rc8 30. Qf4 Rc7 31. Qf8 Nxe5 32. Kg2 Rf7 33. Qd6 Nxf3 34. Qxe6 Kg7 35. Bc1 Nh4+ 36. Kh2 Nf5 37. Bf4 Ne3 38. Be5+ Kg8 39. Qxg6+ 1-0

[Event "Turin Piemonte op 6th"]
[Site "Turin"]
[Date "2005.11.18"]
[Round "1"]
[White "Sorcinelli, Francesco"]
[Black "Liviabella, Lucio"]
[Result "1-0"]
[WhiteElo "2071"]
[BlackElo "1568"]
[PlyCount "65"]
[EventDate "2005.11.18"]
[EventType "swiss"]
[EventRounds "9"]
[EventCountry "ITA"]
[SourceTitle "EXT 2007"]
[Source "ChessBase"]
[SourceDate "2006.11.23"]
[SourceVersion "1"]
[SourceVersionDate "2006.11.23"]
[SourceQuality "1"]

1. e4 c5 2. Nf3 d6 3. d4 cxd4 4. Nxd4 a6 5. Nc3 Nf6 6. Be3 g6 7. f3 Bg7 8. Qd2 Bd7 9. 0-0-0 Nc6 10. Bh6 Bxh6 11. Qxh6 Nxd4 12. Rxd4 Qb6 13. Qd2 Rc8 14. Bc4 0-0 15. h4 Bc6 16. g4 h5 17. Bb3 Kg7 18. gxh5 Nxh5 19. Rd1 Qa5 20. Rg1 Qe5 21. Nd5 Bxd5 22. Rxd5 Qf4 23. Rxh5 Qxd2+ 24. Kxd2 b5 25. Rhg5 Rc5 26. f4 e6 27. h5 Rxg5 28. Rxg5 Kf6 29. hxg6 fxg6 30. e5+ dxe5 31. Rxe5 Re8 32. Ke3 g5 33. Rxg5 1-0